00729nam a2200205Ia 4500003000900000008004100009020001800050040001600068080001500084100007300099245010300172260003300275300001300308650003000321650003000351650001900381942000700400999001500407952010100422IN-BaIIA211028s9999 xx 000 0 eng d a0-08-023076-8 cIIA Library a92:53bLIV aLivanova, Anna 912259 0aLandauba great physicist and teachercAnna Livanova  aOxfordbPergamon Pressc1980 ax, 217p. aBiography - Landau912260 aLandau - Biography912261 aNASA thesaurus cBK c7150d7150 00104070aBANbBANcGENd1982-09-10l0o92:53/ LIVp7944r2021-11-05w1982-09-10yBKG£ 20.04